|
|
|
|
| LEADER |
00000nam0a2200000 4500 |
| 001 |
91520 |
| 005 |
20231031104109.0 |
| 035 |
|
|
|a (RuTPU)RU\TPU\book\98108
|
| 090 |
|
|
|a 91520
|
| 100 |
|
|
|a 20060227d1971 km y0rusy50 ca
|
| 101 |
0 |
|
|a rus
|
| 102 |
|
|
|a RU
|
| 105 |
|
|
|a a z 001zy
|
| 200 |
1 |
|
|a Хромирование
|f М. Б. Черкез
|g под ред. П. М. Вячеславова
|
| 205 |
|
|
|a 3-е изд., доп. и перераб.
|
| 210 |
|
|
|a Ленинград
|c Машиностроение
|d 1971
|
| 215 |
|
|
|a 112 с.
|c ил.
|
| 225 |
1 |
|
|a Библиотечка гальванотехника
|v вып. 5
|
| 300 |
|
|
|a 2-е изд. вышло под загл.: Хромирование и железнение
|
| 320 |
|
|
|a Список литературы: с. 111.
|
| 610 |
1 |
|
|a хромирование
|
| 610 |
1 |
|
|a гальванические процессы
|
| 610 |
1 |
|
|a меднение
|
| 610 |
1 |
|
|a никелирование
|
| 610 |
1 |
|
|a цинкование
|
| 610 |
1 |
|
|a кадмирование
|
| 610 |
1 |
|
|a лужение
|
| 610 |
1 |
|
|a свинцевание
|
| 610 |
1 |
|
|a благородные металлы
|
| 610 |
1 |
|
|a редкие металлы
|
| 610 |
1 |
|
|a сплавы
|
| 610 |
1 |
|
|a гальванические покрытия
|
| 675 |
|
|
|a 621.7м26
|v 3
|
| 675 |
|
|
|a 621.793.2
|v 3
|
| 700 |
|
1 |
|a Черкез
|b М. Б.
|g Михаил Борисович
|
| 702 |
|
1 |
|a Вячеславов
|b П. М.
|4 340
|
| 801 |
|
1 |
|a RU
|b 63413507
|c 20060227
|g PSBO
|
| 801 |
|
2 |
|a RU
|b 63413507
|c 20150428
|g PSBO
|
| 942 |
|
|
|c BK
|